000 00398nam a2200181Ia 4500
001 17740
005 20260306171539.0
008 260306s9999||||xx |||||||||||||| ||und||
041 _aESP
082 _a658.15
_bT71 2007
100 _aTong, Jesús
_eAUT
245 0 _aFinanzas empresariales
260 _c2007
300 _a
_c
650 _aGEN
654 _aCAN
942 _cLIB
_dJUS
_fJUS
_2ddc
_n
999 _c17740
_d17740